005270000a22001210004500090001700000245017200017041001400189700002800203100003000231942001300261773011400274999001700388 aASbSeriadas10aRiqueza, abundancia relativa y patrones de actividades temporal de la comunidad de los murciélagos quirópteros de la Reserva Natural La Planada, Nariño, Colombia0 aEspañol1 aGómez, Luis G.9946261 aOspina Ante, Omaira97596 cARTICULO1 tRevista de la Academia Colombiana de Ciencias Exactas, Fisicas y Naturales332hSupl. Esp.q659-669d1999g23 c14246d14246